| 000 | 00878nas a2200289 4500 | ||
|---|---|---|---|
| 001 | BR2011001016 | ||
| 003 | BR-BrBNA | ||
| 005 | 20231205114442.0 | ||
| 007 | ta | ||
| 008 | 230509b bl.|||p| |||| 00| 00por d | ||
| 040 |
_aBR-BrBNA _bpor _cBiblioteca Nacional de Agricultura |
||
| 041 | _a(Pt) | ||
| 072 | _aL72; L73 | ||
| 100 | 1 | _aSantarém, V.A. | |
| 100 | 1 | _aJosé, M. de D. | |
| 100 | 1 | _aLaposy, C.B. | |
| 245 | 1 | _aAlterações bioquímicas em cães citopênicos e não citopênicos com ehrlichiosis | |
| 650 | _aCÃO | ||
| 650 | _aCARRAPATO | ||
| 650 | _aBACTÉRIA | ||
| 650 | _aTRANSMISSÃO DE DOENÇA | ||
| 650 | _aBIOQUÍMICA ANIMAL | ||
| 650 | _aDOENÇA ANIMAL | ||
| 773 | 0 |
_tSemina. Ciências Agrárias (Brazil) _xISSN 1676-546X _g(Oct-Dec 2008), v. 29(4) p. 845-852 _wBR2011001016 |
|
| 909 |
_a202311 _bLúcia _c55 _dLúcia Elande |
||
| 942 |
_2AGRIS _n0 _cANA |
||
| 999 |
_c208831 _d208831 |
||